00528nam a2200193 a 4500001001300000003000900013005001700022008004100039020001200080082001500092100001800107245005000125260004500175300000900220500003500229505003100264650002100295700001800316nice12345678IN_TiNIC20260116011259.0050524s1965 dela grp 000 0 eng  ac71.0500a241.6bPIK aPike, James A aDoing the Truthb Summary of Christian Ethics aDelhibIntercultural Publications c1965 a178p aincludes index and biblioraphy2 aNotes, Bibliography, Index aChristian-Ethics1 aPike, James A